[Event "Pere Noel"]
[Site "Montreal CAN"]
[Date "1996.12.27"]
[Round "2"]
[White "Lacroix, Serge"]
[Black "Teuton, Frank"]
[Result "0-1"]
[WhiteElo "1828"]
[BlackElo "2148"]
[PlyCount "46"]
[GameId "2160767739201907"]
[EventDate "1996.12.26"]
[EventType "swiss"]
[EventRounds "5"]
[EventCountry "CAN"]
[SourceTitle "EXT 2022"]
[Source "ChessBase"]
[SourceDate "2021.10.06"]
[SourceVersion "1"]
[SourceVersionDate "2021.10.06"]
[SourceQuality "1"]

1. e4 c6 2. d4 g6 3. Nc3 d5 4. Nf3 Bg7 5. Bf4 Bg4 6. exd5 cxd5 7. h3 Bxf3 8. Qxf3 Nc6 9. Nxd5 Nxd4 10. Nc7+ Qxc7 11. Bb5+ Kf8 12. Bxc7 Nxf3+ 13. gxf3 Bxb2 14. Rb1 Bc3+ 15. Ke2 Rc8 16. Bf4 e5 17. Bc1 Kg7 18. Ba3 Nh6 19. f4 exf4 20. Kf3 Be5 21. Rhe1 Rc3+ 22. Kg2 f6 23. Bb2 Rc5 {etc.} 0-1

[Event "Festival gourmands"]
[Site "Asbestos CAN"]
[Date "1994.08.26"]
[Round "1"]
[White "Lacroix, Serge"]
[Black "Teuton, Frank"]
[Result "0-1"]
[WhiteElo "1944"]
[BlackElo "2085"]
[PlyCount "118"]
[GameId "2160767912140404"]
[EventDate "1994.08.26"]
[EventType "swiss"]
[EventRounds "5"]
[EventCountry "CAN"]
[SourceTitle "EXT 2022"]
[Source "ChessBase"]
[SourceDate "2021.10.06"]
[SourceVersion "1"]
[SourceVersionDate "2021.10.06"]
[SourceQuality "1"]

1. e4 g6 2. d4 c6 3. Nc3 d5 4. Be3 dxe4 5. Nxe4 Nh6 6. c3 Bg7 7. Nf3 O-O 8. Bc4 Nd7 9. O-O Nb6 10. Bb3 a5 11. a3 a4 12. Ba2 Nd5 13. Bd2 Bg4 14. h3 Bxf3 15. Qxf3 Nf5 16. Rfe1 h6 17. Nc5 b6 18. Nd3 e6 19. Ne5 Qc7 20. Re2 c5 21. Nxg6 fxg6 22. Rxe6 Nxd4 23. Qxd5 Nxe6 24. Qxe6+ Kh7 25. Re1 Rae8 26. Qxe8 Rxe8 27. Rxe8 c4 28. Re2 b5 29. Bb1 Qd6 30. Bc2 Bf6 31. g3 Kg7 32. Bf4 Qd5 33. Rd2 Qe6 34. Kg2 g5 35. Be3 h5 36. Bd1 g4 37. hxg4 hxg4 38. Bc2 Qc6+ 39. Kg1 Be5 40. Bd1 Qe6 41. Kg2 Qf5 42. Kg1 Qb1 43. Kh2 Qh7+ 44. Kg1 Qf5 45. Bc2 Qe6 46. Kh2 Qe7 47. Rd5 Qh4+ 48. Kg2 Qh3+ 49. Kg1 Bxg3 50. Bd4+ Kh6 51. Be3+ Kg7 52. Bd4+ Kf7 53. Rf5+ Ke6 54. fxg3 Qxg3+ 55. Kf1 Qh3+ 56. Ke2 g3 57. Be4 Qh2+ 58. Kf3 g2 59. Re5+ Qxe5 0-1

[Event "Groupe Commerce"]
[Site "Thetford Mines CAN"]
[Date "1993.07.04"]
[Round "5"]
[White "Lacroix, Serge"]
[Black "Beaudry, Marc-Andre"]
[Result "1-0"]
[WhiteElo "2010"]
[BlackElo "1982"]
[PlyCount "62"]
[GameId "2160767739911678"]
[EventDate "1993.07.02"]
[EventType "swiss"]
[EventRounds "5"]
[EventCountry "CAN"]
[SourceTitle "EXT 2022"]
[Source "ChessBase"]
[SourceDate "2021.10.06"]
[SourceVersion "1"]
[SourceVersionDate "2021.10.06"]
[SourceQuality "1"]

1. e4 c5 2. Nf3 e6 3. d4 cxd4 4. Nxd4 Nf6 5. Nc3 d6 6. Bg5 a6 7. f4 Qb6 8. Nb3 Nbd7 9. Qd2 Be7 10. O-O-O Qc7 11. Bd3 b5 12. a3 Rb8 13. Kb1 h6 14. Bxf6 Bxf6 15. Ne2 Nb6 16. Nbd4 Nc4 17. Bxc4 bxc4 18. c3 Bd7 19. g4 Ba4 20. Rde1 Be7 21. Ka1 g6 22. h4 e5 23. Nc2 Bc6 24. Nb4 Bxe4 25. Nxa6 Qb7 26. Nxb8 Bxh1 27. Na6 Bf3 28. Nb4 O-O 29. g5 h5 30. Qe3 Ra8 31. Ng1 Bg4 {etc.} 1-0